00841nam a22002414a 450000500170000000800410001701000140005802000260007202000230009803500130012103700150013404000180014908200170016710000160018424500880020026000460028827000630033430000390039750000500043665000300048665000490051665100340056520090831142917.0050927s2005 ii a b 001 0 eng c aENG-95009 a9780195698206c245.00 a0195698207c245.00 aEN-78542 bDBAD / PUB adplbEnglish  a332.04240954 aKohli, Renu aLiberalizing capital flows :bIndia's experience and policy issues /cby Renu Kohli aNew Delhi bOxford University Pressc2008 aYMCA Library Building, Jai Singh Road,bNew Delhi e110001 axvii, 241 p. :bill. ;c22cm(pbk)  aIncludes bibliographical references and index aCapital movementszIndia. aCapital movementsxGovernment policyzIndia. aIndiaxEconomic policyy1991-